Aprendizaje y desarrollo de la personalidad / (Record no. 161719)

MARC details
000 -CABECERA
campo de control de longitud fija 00630nam a2200205 u 4500
005 - FECHA Y HORA DE LA ÚLTIMA TRANSACCIÓN
campo de control 20240925065003.0
008 - ELEMENTOS DE LONGITUD FIJA--INFORMACIÓN GENERAL
campo de control de longitud fija 130215s2010 r 000 0 eng d
020 ## - NÚMERO INTERNACIONAL NORMALIZADO PARA LIBROS
Número Internacional Estándar del Libro 9788420669427
035 ## - NÚMERO DE CONTROL DEL SISTEMA
Número de control de sistema UPN01000189616
049 ## - COLECCIÓN
Colección CG
050 #4 - SIGNATURA TOPOGRÁFICA DE LA BIBLIOTECA DEL CONGRESO
Número de clasificación LB1060
Número de documento/Ítem A6.9
245 00 - MENCIÓN DE TÍTULO
Título Aprendizaje y desarrollo de la personalidad /
Mención de responsabilidad, etc. coord. Eduardo Vidal-Abarca.
260 ## - PUBLICACIÓN, DISTRIBUCIÓN, ETC.
Lugar de publicación, distribución, etc. Madrid :
Nombre del editor, distribuidor, etc. Alianza,
Fecha de publicación, distribución, etc. 2010.
300 ## - DESCRIPCIÓN FÍSICA
Extensión 304 p. :
Otras características físicas cuadros, gráfs.
650 #7 - ASIENTO SECUNDARIO DE MATERIA - TERMINO TEMATICO
Término de materia o nombre geográfico como elemento de entrada Teorías del aprendizaje
Fuente del encabezamiento o término
9 (RLIN) 1225
650 #4 - ASIENTO SECUNDARIO DE MATERIA - TERMINO TEMATICO
Término de materia o nombre geográfico como elemento de entrada Psicología del aprendizaje
9 (RLIN) 5221
700 1# - ASIENTO SECUNDARIO--NOMBRE DE PERSONAL
Nombre de persona Vidal-Abarca Gamez, Eduardo,
Término indicativo de función/relación coord.
9 (RLIN) 32049
905 ## - TIPO DE MATERIAL
Tipo de material Libro
Holdings
Estado de retiro Estado de pérdida Fuente del sistema de clasificación o colocación Estado dañado No para préstamo Código de colección Localización permanente Ubicación/localización actual Ubicación en estantería Fecha de adquisición Total de préstamos Renovaciones totales Clasificación Código de barras Fecha visto por última vez Fecha del último préstamo Número de copia Tipo de ítem Koha
    Library of Congress Classification     Colección General Bib. Gregorio Torres Quintero Bib. Gregorio Torres Quintero Planta baja 03/03/2022 5 1 LB1060 A6.9 287983 13/05/2024 02/05/2024 1 Libro
    Library of Congress Classification     Colección General Bib. Gregorio Torres Quintero Bib. Gregorio Torres Quintero Planta baja 14/03/2024 16 2 LB1060 A6.9 287984 27/05/2024 24/04/2024 1 Libro
    Library of Congress Classification     Colección General Bib. Gregorio Torres Quintero Bib. Gregorio Torres Quintero Planta baja   8   LB1060 A6.9 287985 19/11/2024 28/10/2024 1 Libro